La emancipación de la mujer; recopilación de artículos

Сохранить в:
Библиографические подробности
Главный автор: Lenin, Vladimir Ilich
Формат: Текст
Опубликовано: Madrid: Akal
Метки: Добавить метку
Нет меток, Требуется 1-ая метка записи!

MARC

LEADER 00000 a a2200000 04500
001 23865
003
040
020 |a 84-7339-071-7  
090 |a 164400  
100 |a Lenin, Vladimir Ilich  
245 |a La emancipación de la mujer; recopilación de artículos  
260 |a Madrid:   |b Akal  
300 |a 141 p.   |b **no definido**  
999 |c 16432  |d 16432